000
00341nam a2200133Ia 4500
008
240624s9999 xx 000 0 und d
041
_a
eng
082
_a
346.163 GUP
100
_a
GUPTA D P
245
_a
PRACTICAL GUIDE FOR PREVENTION OF FRAUDS
260
_c
2005
_a
New Delhi
_b
Taxmann
300
_a
i-50, : 417 : p. : cm. ; 24
365
_c
RS
999
_c
2780
_d
2780